| 000 | 005880000a22002050004500 | ||
|---|---|---|---|
| 003 | LK-CoMWRAF | ||
| 005 | 20240106144605.0 | ||
| 008 | 230817t2003 ||||| |||| 00| 0 eng d | ||
| 020 | _a9555993246 | ||
| 040 |
_aLK-CoMWRAF _dLK-CoMWRAF _eLK-CoMWRAF |
||
| 041 | _aeng | ||
| 082 |
_a923 _bARI |
||
| 100 | _aAriyaratne, A.T. | ||
| 245 |
_aBhava Thanha: _bAn Autobiography Vol 2 |
||
| 260 |
_aRatmalana: _bSarvodaya Vishva Lekha, _c2003 |
||
| 300 | _a929 p.: ill., ports. ; 25 cm | ||
| 650 | _aSOCIAL REFORMERS-Sri Lanka-Autobiography | ||
| 700 |
_aEdirisinghe, Padma _etrans. |
||
| 942 | _cBK | ||
| 999 |
_c805 _d805 |
||